000 00801nam a22002177a 4500
010 _a069487
020 _c180(Set)
035 _a069487
037 _bCen Lib / Ret
040 _aDPL
_bEN
082 _a921
_bGAN
100 _aGandhi, Mohandas Karamchand
245 _aMahatma :
_blife of Mohandas Karamchand Gandhi /
_cby Dinanath Gopal Tendulkar
260 _aDelhi
_bPublications Division, Ministry of Information and Broadcasting, Govt. of India
_c1938-1940
270 _aPublications Division, Ministry of Information and Broadcasting, Govt. of India
_bDelhi
300 _a(v 4. 406 ; v 5. 445p)
_b24cm(Hb)
505 _av 4. 1934-1938 ; v. 5. 1938-1940.
650 _aGandhi, -- Mahatma, -- 1869-1948.
650 _aGandhi, -- Mahatma
942 _2ddc
_cEN
_h921
_mGAN
999 _c136640
_d136640